00385nam a2200133Ia 4500003000400000005001700004008004100021040000600062100002800068245009400096260004400190300000600234490001100240OSt20250401155736.0201217s9999 xx 000 0 und d c. aHarvard Business Review 0aHarvard Business Review on human relations : Classic Advice on Handling The Manager's Job aNew YorkbHarvard Business School Press a0 vVol. 3